Measures to ensure the harmonization of tax systems and policies in the West African subregion in order to facilitate economic cooperation and investment. (Record no. 28645)
[ view plain ]
| 000 -LEADER | |
|---|---|
| fixed length control field | 01044cam5a220018100 4500 |
| 001 - CONTROL NUMBER | |
| control field | zam00010022 |
| 008 - FIXED-LENGTH DATA ELEMENTS--GENERAL INFORMATION | |
| fixed length control field | 970717n xx eng u |
| 035 ## - SYSTEM CONTROL NUMBER | |
| System control number | (Sirsi) r140022 |
| 040 ## - CATALOGING SOURCE | |
| Modifying agency | UPRA |
| 100 ## - MAIN ENTRY--PERSONAL NAME | |
| Personal name | UNECA. |
| Linkage | A105146.1 |
| 245 10 - TITLE STATEMENT | |
| Title | Measures to ensure the harmonization of tax systems and policies in the West African subregion in order to facilitate economic cooperation and investment. |
| 260 ## - PUBLICATION, DISTRIBUTION, ETC. | |
| Place of publication, distribution, etc. | Addis Ababa : |
| Name of publisher, distributor, etc. | UNECA, |
| Date of publication, distribution, etc. | 1985. |
| 520 ## - SUMMARY, ETC. | |
| Summary, etc. | This study formulates proposals for the harmonisation of tax policies in the West African subregion towards national, intra-regional and internationalinvestment, in order to further economic integration of the subregion and in order to create a regional investment attractive to international investments. |
| 650 #4 - SUBJECT ADDED ENTRY--TOPICAL TERM | |
| Topical term or geographic name entry element | Economic Cooperation. |
| Linkage | S59596.2 |
| 650 #4 - SUBJECT ADDED ENTRY--TOPICAL TERM | |
| Topical term or geographic name entry element | West Africa -- Investment -- Economic integration. |
| General subdivision | West Africa -- Investment -- Economic integration. |
| -- | West Africa -- Investment -- Economic integration. |
| Linkage | S76255.1 |
| 949 10 - LOCAL PROCESSING INFORMATION (OCLC) | |
| m | INESOR |
| t | BOOK |
| l | ON-SHELF |
No items available.